Normal view
MARC view
- Happian-Smith, Julian
Entry Personal Name
001 - CONTROL NUMBER
- control field: 35693
003 - CONTROL NUMBER IDENTIFIER
- control field: NUST
005 - DATE AND TIME OF LATEST TRANSACTION
- control field: 20210216143334.0
008 - FIXED-LENGTH DATA ELEMENTS
- fixed length control field: 210216|| aca||aabn | a|a d
040 ## - CATALOGING SOURCE
- Original cataloging agency: NUST
- Transcribing agency: NUST
100 ## - HEADING--PERSONAL NAME
- Personal name: Happian-Smith, Julian
670 ## - SOURCE DATA FOUND
- Source citation: Work cat.: (NUST): Happian-Smith, Julian, An Introduction To Modern Vehicle Design, 2002.
